LEADER 01073nam a2200241 4500 001 000000360423 003 CaOOAMICUS 005 20241021155259.0 008 241021s1965 it a 000 u ita r 040 $aSeMil$bita 245 00$aVol. 1 /$ca cura di Nicola Abbagnano ... [et al.]. 250 $aRist. corretta 264 1$aTorino :$bUnione Tipografico-Editrice Torinese,$c1965. 300 $aXII, 662 p., [8] carte di tav. :$bill. ;$c26 cm 500 $aIn mezzo al front.: Con 8 tavole in rotocalco fuori testo e 304 illustrazioni nel testo 700 1 $aAbbagnano, Nicola,$d<1901-1990>.$0(OLS)http://semarc/name/17 773 0 $tStoria delle scienze.$dTorino : Unione Tipografico-Editrice Torinese, 1965.$g1$w()360410 850 $aSeMil 852 $aSeMil$W1$xVenegono$y1$m3X VI 51$j251819$B251434$CSeMilBibl$Z2$F251434 $81 961 $aBuzzi mons. Franco - Omaggio 996 $6245$aVol. 1$9(OLS)http://semarc/title/55715 996 $6264$aTorino :$bUnione Tipografico-Editrice Torinese$9(OLS)http://semarc/publisher/29628 LEADER 01490nam a2200277 i 4500 001 000000115318 003 CaOOAMICUS 005 20030519000000.0 008 030519s2000 it u000 u ita u 013 $a88007 020 $a88-215-4238-6 040 $aSeMil$bita 100 1 $aGardey de Soos, Thérèse.$0(OLS)http://semarc/name/48160 240 10$aEugénie Smet, bienheureuse Marie de la Providence : fondatrice des Auxiliatrices du Purgatoire (1825-1871).$0(OLS)http://semarc/title/407623 245 10$aCome attraverso il fuoco (1Cor 3,15) :$bEugenia Smet, beata Maria della Provvidenza fondatrice delle Ausiliatrici del Purgatorio (1825-1871) /$cThérèse Gardey de Soos. 260 $aCinisello Balsamo :$bSan Paolo,$c2000. 300 $a134 p., [8] p. di tav. :$bill. ;$c20 cm. 490 0 $aFondatori e riformatori ;$v52 650 4$aMaria : della Provvidenza .$0(OLS)http://semarc/subject/21088 830 0$aFondatori e riformatori ;$v52.$0(OLS)http://semarc/title/10386 850 $aSeMil 852 $aSeMil$W1$xVenegono$y1$m3J II 19$j70846$B70846$CSeMilBibl$Z2$F76161 $81 961 $aOmaggio: Giudici Ecc. Giovanni 996 $6020$a88-215-4238-6$9(OLS)http://semarc/number/99059 996 $6245$aCome attraverso il fuoco (1Cor 3,15) :$bEugenia Smet, beata Maria della Provvidenza fondatrice delle Ausiliatrici del Purgatorio (1825-1871)$9(OLS)http://semarc/title/407622 996 $6260$aCinisello Balsamo :$bSan Paolo$9(OLS)http://semarc/publisher/30129